| 000 | 00895nam a2200289Ia 4500 | ||
|---|---|---|---|
| 003 | GCL | ||
| 008 | 140319s9999 xx 000 0 ara d | ||
| 040 |
_aGCL / _cGCL |
||
| 082 | 0 | 4 |
_a813.009 _bس ت |
| 100 | 1 | _aسيد حامد النساج | |
| 245 | 1 | 0 |
_aتطور فن القصة القصيرة فى مصر / _cسيد حامد النساج |
| 300 | _a381 ص | ||
| 490 | _a | ||
| 650 | 0 | 4 | _aمصر |
| 650 | 0 | 4 | _aالقصص العربية القصيرة |
| 650 | 0 | 4 | _aالقصة القصيرة |
| 650 | 0 | 4 | _aيحيى حقى |
| 650 | 0 | 4 | _aمحمد حسين هيكل |
| 650 | 0 | 4 | _aالقصص العربية, تاريخ ونقد |
| 650 | 0 | 4 | _aمحمود طاهر لاشين |
| 650 | 0 | 4 | _aعيسى عبيد |
| 650 | 0 | 4 | _aشحاتة عبيد |
| 650 | 0 | 4 | _aالقصصيون العرب |
| 650 | 0 | 4 | _aمحمود تيمور |
| 650 | 0 | 4 | _aاحمد خيرى سعيد |
| 942 |
_2ddc _cBK |
||
| 999 |
_c39671 _d39671 |
||